000 nam a22 7a 4500
999 _c10104
_d10104
008 180212b ||||| |||| 00| 0 eng d
100 _aCBSE
_96123
245 _aSecondary school curriculul 2015 -VI
260 _aNew Delhi
_bCBSE
_c2013